|
|
|
|
| LEADER |
00000nam0a2200000 4500 |
| 001 |
279157 |
| 005 |
20231101235201.0 |
| 035 |
|
|
|a (RuTPU)RU\TPU\book\302435
|
| 090 |
|
|
|a 279157
|
| 100 |
|
|
|a 20141217d1985 k y0rusy50 ca
|
| 101 |
0 |
|
|a rus
|
| 102 |
|
|
|a RU
|
| 105 |
|
|
|a a z 001zy
|
| 200 |
1 |
|
|a Спектроскопия порфиринов: колебательные состояния
|f К. Н. Соловьев [и др.]
|g Академия наук Белорусской ССР (АН БССР), Институт физики (ИФ)
|
| 210 |
|
|
|a Минск
|c Наука и техника
|d 1985
|
| 215 |
|
|
|a 415 с.
|c ил.
|
| 320 |
|
|
|a Библиогр.: с. 385-415
|
| 606 |
1 |
|
|a Порфирины
|x (химия)
|2 stltpush
|3 (RuTPU)RU\TPU\subj\70028
|9 84591
|
| 610 |
1 |
|
|a органическая химия
|
| 610 |
1 |
|
|a спектроскопия
|
| 610 |
1 |
|
|a колебательные состояния
|
| 610 |
1 |
|
|a электронные спектры
|
| 610 |
1 |
|
|a строение
|
| 610 |
1 |
|
|a молекулы
|
| 610 |
1 |
|
|a возбужденные частицы
|
| 610 |
1 |
|
|a вибронные спектры
|
| 610 |
1 |
|
|a колебательные спектры
|
| 610 |
1 |
|
|a многоатомные молекулы
|
| 610 |
1 |
|
|a фотоиндуцированные явления
|
| 610 |
1 |
|
|a металлокомплексы
|
| 610 |
1 |
|
|a гидрированные порфины
|
| 610 |
1 |
|
|a биологические системы
|
| 675 |
|
|
|a 547.97
|v 4
|
| 701 |
|
1 |
|a Соловьев
|b К. Н.
|g Константин Николаевич
|
| 701 |
|
1 |
|a Гладков
|b Л. Л.
|g Лев Львович
|
| 701 |
|
1 |
|a Старухин
|b А. С.
|g Александр Степанович
|
| 701 |
|
1 |
|a Шкирман
|b С. Ф.
|g Станислав Федорович
|
| 712 |
0 |
2 |
|a Академия наук Белорусской ССР (АН БССР)
|b Институт физики (ИФ)
|2 stltpush
|3 (RuTPU)RU\TPU\col\3042
|
| 801 |
|
1 |
|a RU
|b 63413507
|c 20141217
|
| 801 |
|
2 |
|a RU
|b 63413507
|c 20170414
|g RCR
|
| 942 |
|
|
|c BK
|